[Event "36th Zalakaros Open 2017"]
[Site "Zalakaros HUN"]
[Date "2017.05.25"]
[Round "8.56"]
[White "Karacsonyi, Gellert"]
[Black "Szente Varga, Fruzsina"]
[Result "1/2-1/2"]
[WhiteElo "2189"]
[BlackElo "2190"]
[WhiteFideId "764620"]
[BlackFideId "712264"]
[EventDate "2017.05.18"]

1. e4 e5 2. Nf3 Nc6 3. Bb5 a6 4. Bxc6 dxc6 5. O-O f6 6. d4 exd4 7. Nxd4 c5 8.
Nb3 Qxd1 9. Rxd1 Bg4 10. f3 Be6 11. Bf4 c4 12. Nd4 O-O-O 13. Nc3 Bf7 14. Kf2 Ne7
15. Be3 g6 16. Nde2 Bg7 17. a4 b6 18. g4 Nc6 19. Nf4 Nb4 20. Rxd8+ Rxd8 21. Rc1
Bf8 22. h4 Bd6 23. Nfe2 c5 24. f4 Be7 25. Ng3 Kc7 26. f5 Bd6 27. g5 Be5 28. Nge2
Kc6 29. gxf6 gxf5 30. exf5 Rh8 31. Ne4 Bxb2 32. Rg1 Bd5 33. Bh6 Re8 34. N4c3
Rxe2+ 35. Nxe2 Bxf6 36. Bg5 Be5 37. c3 Nd3+ 38. Ke3 b5 39. axb5+ axb5 40. Bh6 b4
41. cxb4 cxb4 42. Bg7 Bd6 43. Bd4 Bf8 44. Bg7 Bd6 45. Nd4+ Kd7 46. Bh6 Be5 47.
Ra1 Bg3 48. Kd2 Bxh4 49. Ra7+ Ke8 50. Rxh7 Bf6 51. Nb5 Bg8 52. Nd6+ Kd8 53. Rb7
Bd5 54. Rb5 Bc6 55. Rb6 Bc3+ 56. Ke2 Bd5 57. Rb5 Bc6 58. Ra5 b3 59. Ra7 Bf6 60.
Be3 Bd7 61. Nxc4 b2 62. Nd2 Bxf5 63. Rf7 Nc1+ 64. Kf3 Nb3 65. Rb7 Bc2 66. Rxb3
Bxb3 67. Bc5 Bc3 1/2-1/2

[Event "36th Zalakaros Open 2017"]
[Site "Zalakaros HUN"]
[Date "2017.05.26"]
[Round "9.3"]
[White "Vajda, Levente"]
[Black "Nisipeanu, Liviu-Dieter"]
[Result "1/2-1/2"]
[WhiteTitle "GM"]
[BlackTitle "GM"]
[WhiteElo "2600"]
[BlackElo "2686"]
[WhiteFideId "1203975"]
[BlackFideId "1202758"]
[EventDate "2017.05.18"]

1. Nf3 d5 2. g3 g6 3. Bg2 Bg7 4. O-O e5 5. d3 Ne7 6. e4 dxe4 7. dxe4 Qxd1 8.
Rxd1 f6 9. Be3 Be6 10. Nbd2 Nd7 1/2-1/2

[Event "36th Zalakaros Open 2017"]
[Site "Zalakaros HUN"]
[Date "2017.05.26"]
[Round "9.6"]
[White "Gupta, Abhijeet"]
[Black "Danin, Alexandre"]
[Result "1/2-1/2"]
[WhiteTitle "GM"]
[BlackTitle "GM"]
[WhiteElo "2626"]
[BlackElo "2543"]
[WhiteFideId "5010608"]
[BlackFideId "4144031"]
[EventDate "2017.05.18"]

1. d4 d5 2. c4 c6 3. Nc3 Nf6 4. e3 a6 5. Nf3 Bf5 6. Qb3 Ra7 7. Nh4 Bc8 8. Qc2
dxc4 9. Bxc4 e6 10. Nf3 c5 11. a4 Nc6 12. O-O cxd4 13. Rd1 Be7 14. Nxd4 Qc7 15.
Nxc6 bxc6 16. Qe2 O-O 17. e4 Nd7 18. Be3 Ra8 19. a5 Bb4 20. Qh5 c5 21. Bg5 Re8
22. Rd3 Bb7 23. Rf3 Nf8 24. Bf4 Qc6 25. Re1 Rad8 26. Bg5 Rd7 27. h4 Ng6 28. Bb3
Qc7 29. Rg3 c4 30. Bc2 Bd6 31. Rge3 Ne5 32. Qe2 Bc6 33. Bf4 Qxa5 34. Rd1 Rdd8
35. h5 Qc7 36. h6 g6 37. Bg5 Be7 38. Rxd8 Rxd8 39. Bf4 Bd6 40. Nd5 exd5 41. exd5
Nf3+ 42. Rxf3 Bxd5 43. Re3 Rf8 44. Bxd6 Qxd6 45. Qd2 Rd8 46. Qd4 f6 47. Re1 Bf7
48. Qa7 Rf8 49. Rd1 Qf4 50. Qxa6 Qxh6 51. Qxf6 Qg7 52. Qb6 Qe5 53. Rd6 Qe1+ 54.
Kh2 Qe5+ 55. Kg1 Qe1+ 56. Kh2 Qe5+ 1/2-1/2

[Event "36th Zalakaros Open 2017"]
[Site "Zalakaros HUN"]
[Date "2017.05.26"]
[Round "9.7"]
[White "Papp, Gabor1"]
[Black "Horvath, Jozsef1"]
[Result "1/2-1/2"]
[WhiteTitle "GM"]
[BlackTitle "GM"]
[WhiteElo "2592"]
[BlackElo "2526"]
[WhiteFideId "718602"]
[BlackFideId "700061"]
[EventDate "2017.05.18"]

1. e4 c6 2. d4 d5 3. Nd2 dxe4 4. Nxe4 Bf5 5. Ng3 Bg6 6. h4 h6 7. Nf3 e6 8. h5
Bh7 9. Bd3 Bxd3 10. Qxd3 Nf6 11. Bd2 c5 12. Ne4 Nc6 13. Nxf6+ Qxf6 14. dxc5 Qxb2
15. O-O Rd8 16. Qe4 Bxc5 17. Rab1 Qxa2 18. Qg4 Nd4 19. Ne5 Nf5 20. Rxb7 Rxd2 21.
Rb8+ Ke7 22. Rb7+ Ke8 23. Qe4 Qa6 24. Rb8+ Ke7 25. Rb7+ Ke8 26. Rb8+ Ke7 27.
Rb7+ Ke8 28. Rb8+ 1/2-1/2

[Event "36th Zalakaros Open 2017"]
[Site "Zalakaros HUN"]
[Date "2017.05.26"]
[Round "9.10"]
[White "Kollars, Dmitrij"]
[Black "Prohaszka, Peter2"]
[Result "1/2-1/2"]
[WhiteTitle "IM"]
[BlackTitle "GM"]
[WhiteElo "2503"]
[BlackElo "2596"]
[WhiteFideId "12909572"]
[BlackFideId "726265"]
[EventDate "2017.05.18"]

1. e4 c6 2. d4 d5 3. Nd2 dxe4 4. Nxe4 Nf6 5. Nxf6+ exf6 6. c3 Bf5 7. Bd3 Bxd3 8.
Qxd3 Bd6 9. Nf3 O-O 10. O-O Na6 11. Re1 Qd7 1/2-1/2

[Event "36th Zalakaros Open 2017"]
[Site "Zalakaros HUN"]
[Date "2017.05.26"]
[Round "9.11"]
[White "Chernyshov, Konstantin"]
[Black "Stupak, Kirill"]
[Result "1/2-1/2"]
[WhiteTitle "GM"]
[BlackTitle "GM"]
[WhiteElo "2485"]
[BlackElo "2560"]
[WhiteFideId "4117328"]
[BlackFideId "13503758"]
[EventDate "2017.05.18"]

1. d4 Nf6 2. Nf3 g6 3. g3 c5 4. c3 b6 5. Bg2 Bb7 6. Qb3 Qc8 7. dxc5 Qxc5 8. Be3
Qc8 9. a4 Nc6 10. Nbd2 Bg7 11. O-O O-O 12. h3 d5 13. Bd4 Rd8 14. Ne5 Nxe5 15.
Bxe5 Ne4 16. Nxe4 Bxe5 17. Nd2 Qc5 18. Qb5 a6 19. Qd3 Rac8 20. e3 Bf6 21. Rfd1
e6 22. Qe2 Qc7 23. h4 Rd7 24. Nf3 Qc4 25. Qd2 Kg7 26. Qe1 Rcd8 27. Rd2 e5 28.
Qd1 d4 29. cxd4 exd4 30. Nxd4 Bxg2 31. Kxg2 Bxd4 32. exd4 Rxd4 33. Rxd4 Rxd4 34.
Qf3 Rd3 35. Qb7 Rb3 36. Re1 Rxb2 37. Re4 Qa2 38. Rf4 Qe6 39. Re4 Qa2 40. Rf4 Rd2
41. Qxb6 Qd5+ 42. Rf3 a5 43. Qf6+ Kg8 44. Kh2 Rd1 45. Qf4 h5 46. Qf6 Rc1 47. Qf4
Re1 48. Qf6 Rb1 49. Qf4 Rb4 50. Qf6 Rb1 1/2-1/2

[Event "36th Zalakaros Open 2017"]
[Site "Zalakaros HUN"]
[Date "2017.05.26"]
[Round "9.14"]
[White "Krzyzanowski, Marcin"]
[Black "Shyam, Sundar M."]
[Result "1/2-1/2"]
[WhiteTitle "IM"]
[BlackTitle "GM"]
[WhiteElo "2457"]
[BlackElo "2535"]
[WhiteFideId "1132199"]
[BlackFideId "5019141"]
[EventDate "2017.05.18"]

1. e4 e5 2. Nf3 Nc6 3. Bb5 a6 4. Ba4 Nf6 5. d3 d6 6. Bxc6+ bxc6 7. Nc3 c5 8. O-O
Be7 9. h3 O-O 10. Nh2 Rb8 11. b3 Be6 12. f4 exf4 13. Bxf4 Nd7 14. Qd2 Bf6 15.
Nf3 Re8 16. Rae1 Nf8 17. e5 Be7 18. Ng5 d5 19. Rf3 Ng6 20. Nxe6 fxe6 21. Bg3 Qd7
22. Ref1 Rf8 23. Rxf8+ Rxf8 24. Rxf8+ Nxf8 25. Qf4 h5 26. Ne2 Qe8 27. Qf2 Qf7
28. Qxf7+ Kxf7 29. Kf2 Nd7 30. Kf3 g5 31. c3 Kg6 32. Bh2 a5 33. g4 Bf8 34. d4 c4
35. bxc4 dxc4 36. gxh5+ Kxh5 37. d5 exd5 38. e6 Nc5 39. Nd4 Kg6 40. Bxc7 a4 41.
Bd8 Bg7 42. e7 Kf7 43. Nf5 Be5 44. Ne3 Bxc3 45. Nxd5 Be5 46. Ba5 Nd7 47. Ke4 Bb2
48. Kf5 Nb8 49. Bc3 a3 50. Bb4 Nc6 51. Kxg5 Nxb4 52. Nxb4 Kxe7 53. Kf5 Kd6 54.
Ke4 Ke6 55. Nd5 c3 56. Ne3 Kf6 57. Kd3 Kg5 58. Nd5 Kh4 59. Nxc3 Kxh3 60. Nb5 Kg4
61. Kc4 Kf5 62. Kb3 Ke6 63. Nxa3 Bxa3 64. Kxa3 Kd6 1/2-1/2

[Event "36th Zalakaros Open 2017"]
[Site "Zalakaros HUN"]
[Date "2017.05.26"]
[Round "9.15"]
[White "Sanal, Vahap"]
[Black "Bagi, Mate"]
[Result "1/2-1/2"]
[WhiteTitle "GM"]
[BlackTitle "IM"]
[WhiteElo "2533"]
[BlackElo "2455"]
[WhiteFideId "6300545"]
[BlackFideId "742570"]
[EventDate "2017.05.18"]

1. Nf3 Nf6 2. g3 g6 3. b3 c5 4. Bb2 Bg7 5. c4 d6 6. Bg2 e5 7. O-O O-O 8. Nc3 Nc6
9. e3 Bf5 10. d4 e4 11. Ng5 Re8 12. dxc5 dxc5 13. Nb5 h6 14. Nh3 Qe7 15. Qd6
Rad8 16. Qxe7 Rxe7 17. Rad1 Red7 18. Rxd7 Rxd7 19. Nf4 Rd2 20. Bxf6 Bxf6 21. Nd5
Be5 22. Nbc3 Nb4 23. Nxe4 Bxe4 24. Bxe4 Nxd5 25. Bxd5 Rxa2 26. Bxb7 f5 27. Bf3
Kg7 28. Kg2 Ra1 29. Bd1 Ra2 30. h3 Kf6 31. Kf3 g5 32. g4 f4 33. Ke4 Rd2 34. Bf3
a5 35. Rd1 1/2-1/2

[Event "36th Zalakaros Open 2017"]
[Site "Zalakaros HUN"]
[Date "2017.05.26"]
[Round "9.16"]
[White "Li, Bo"]
[Black "Antal, Gergely"]
[Result "1/2-1/2"]
[WhiteTitle "IM"]
[BlackTitle "GM"]
[WhiteElo "2359"]
[BlackElo "2517"]
[WhiteFideId "8602786"]
[BlackFideId "717312"]
[EventDate "2017.05.18"]

1. d4 f5 2. Nc3 Nf6 3. Bg5 d5 4. Nf3 e6 5. e3 Be7 6. Ne5 O-O 7. Ne2 c5 8. c3 Nc6
9. Bf4 Bd6 10. Nd3 b6 11. Bxd6 Qxd6 12. f4 Ba6 13. Ne5 Rac8 14. Nc1 Bxf1 15.
Rxf1 Qe7 16. Ncd3 Nxe5 17. Nxe5 b5 18. Kf2 b4 19. cxb4 c4 20. Qa4 c3 21. Kg1 Ne4
22. bxc3 Rxc3 23. Qd7 Qxd7 24. Nxd7 Rfc8 25. Nc5 Rxe3 26. a4 Kf7 27. Rfc1 Re2
28. b5 Rb2 29. Nxe4 Rxc1+ 30. Rxc1 fxe4 31. Rc7+ Kf6 32. g4 h5 33. h3 g5 34. f5
hxg4 35. hxg4 exf5 36. Rc6+ Kf7 37. Rc7+ Kf6 38. Rc6+ Ke7 39. Rc7+ Kd6 40. Rc6+
Ke7 41. Rc7+ Kd8 42. Rc5 Rb1+ 43. Kf2 f4 44. Rxd5+ Kc7 45. Rxg5 e3+ 46. Kf3 Rf1+
47. Ke2 Rf2+ 48. Ke1 Rg2 49. Rf5 Rxg4 50. a5 Rg1+ 51. Ke2 Rg2+ 52. Ke1 Kd6 53.
d5 Rb2 54. Rxf4 Rxb5 55. Ke2 Ke5 56. Rf3 Rxa5 57. Rxe3+ Kxd5 58. Rc3 Kd4 59. Rc8
Rb5 60. Kd2 a5 61. Kc2 a4 62. Ra8 Rb4 63. Rd8+ Kc5 64. Rc8+ Kd5 65. Ra8 Kc6 66.
Kc3 Rh4 67. Kb2 Kb5 68. Rb8+ Ka5 69. Ra8+ 1/2-1/2

[Event "36th Zalakaros Open 2017"]
[Site "Zalakaros HUN"]
[Date "2017.05.26"]
[Round "9.18"]
[White "Gasanov, Eldar"]
[Black "Kreisl, Robert"]
[Result "1/2-1/2"]
[WhiteTitle "GM"]
[BlackTitle "IM"]
[WhiteElo "2484"]
[BlackElo "2448"]
[WhiteFideId "14104466"]
[BlackFideId "1613880"]
[EventDate "2017.05.18"]

1. d4 Nf6 2. Nf3 d5 3. c4 e6 4. e3 Be7 5. b3 O-O 6. Bd3 c5 7. O-O cxd4 8. exd4
b6 9. Bb2 Bb7 10. Nbd2 Nc6 11. Rc1 Rc8 12. Qe2 Re8 13. Rfd1 Bf8 14. Nf1 g6 15.
Ne3 Bg7 16. Bb1 Ba6 17. Ne5 dxc4 18. bxc4 Nxe5 19. dxe5 Nd7 20. Ng4 Qc7 21. Qe3
Red8 22. h4 Nc5 23. Nf6+ Bxf6 24. exf6 Rxd1+ 25. Rxd1 Rd8 26. Rd4 Rxd4 27. Bxd4
e5 28. Bxe5 Qd7 29. Qf3 Bb7 30. Qe2 h5 31. Bc3 Ba6 32. Kh2 Qe6 33. Qd2 Nd7 34.
f3 Bxc4 35. Qf4 b5 36. a3 Qe8 37. Kg1 Nb6 38. Be5 Nd7 39. Bc3 Nb6 40. Qh6 Qf8
41. Qc1 Qc5+ 42. Kh1 Nd5 43. Bxg6 fxg6 44. Qh6 Qc7 45. Qxg6+ Kf8 46. Qh6+ Kg8
47. Qg6+ Kf8 48. Qh6+ Kg8 49. Qg5+ Kf8 50. Qh6+ 1/2-1/2

[Event "36th Zalakaros Open 2017"]
[Site "Zalakaros HUN"]
[Date "2017.05.26"]
[Round "9.19"]
[White "Czebe, Attila"]
[Black "Kozak, Adam"]
[Result "1/2-1/2"]
[WhiteTitle "GM"]
[BlackTitle "FM"]
[WhiteElo "2475"]
[BlackElo "2411"]
[WhiteFideId "705268"]
[BlackFideId "753246"]
[EventDate "2017.05.18"]

1. e4 e5 2. Nf3 Nc6 3. Nc3 Nf6 4. h3 Bc5 5. Nxe5 Nxe5 6. d4 Bd6 7. dxe5 Bxe5 8.
Bd3 O-O 9. O-O Bxc3 10. bxc3 d5 11. exd5 Qxd5 12. Be2 Qxd1 13. Rxd1 Bf5 14. Bf3
Be4 15. Bxe4 Nxe4 16. Be3 Rad8 17. c4 b6 18. Rd3 Rxd3 19. cxd3 Nd6 20. Bf4 Rd8
21. a4 Ne8 22. Ra3 f6 23. Kf1 g5 24. Be3 Ng7 25. g4 Ne6 26. Ke2 Kf7 27. Kd2 h5
28. a5 hxg4 29. hxg4 Kg6 30. Kc3 c5 31. axb6 axb6 32. Ra7 Rd6 33. Rb7 f5 34.
gxf5+ Kxf5 35. Kd2 Kf6 36. Ke2 Kf5 37. Rf7+ Ke5 1/2-1/2

[Event "36th Zalakaros Open 2017"]
[Site "Zalakaros HUN"]
[Date "2017.05.26"]
[Round "9.23"]
[White "Rudolf, Michal"]
[Black "Nemeth, Miklos1"]
[Result "1/2-1/2"]
[WhiteTitle "FM"]
[BlackTitle "IM"]
[WhiteElo "2340"]
[BlackElo "2451"]
[WhiteFideId "1106210"]
[BlackFideId "720232"]
[EventDate "2017.05.18"]

1. d4 Nf6 2. Bg5 e6 3. e4 h6 4. Bxf6 Qxf6 5. c3 d6 6. Bd3 g6 7. Ne2 Bg7 8. O-O
O-O 9. f4 Qe7 10. e5 b6 11. Nd2 Bb7 12. Qe1 Nd7 13. Rd1 f5 14. exf6 Rxf6 15. Qg3
Nf8 16. Ne4 Rf7 17. Nf2 Kh8 18. Rde1 c5 19. Be4 Rc8 20. Qd3 cxd4 21. Nxd4 d5 22.
Bxg6 Rxf4 23. Qg3 Rxd4 24. cxd4 Bxd4 25. Kh1 Qg7 26. Bd3 Bxb2 27. Ng4 Rc3 28.
Qf3 Ba3 29. Ne5 Ba6 30. Nf7+ Kg8 31. Qh5 Bxd3 32. Nxh6+ Kh8 33. Nf7+ Kg8 34.
Nh6+ Kh8 35. Nf7+ Kg8 1/2-1/2

[Event "36th Zalakaros Open 2017"]
[Site "Zalakaros HUN"]
[Date "2017.05.26"]
[Round "9.25"]
[White "Cuhendi, Sean Winshand"]
[Black "Praggnanandhaa, R"]
[Result "1/2-1/2"]
[WhiteTitle "IM"]
[BlackTitle "IM"]
[WhiteElo "2407"]
[BlackElo "2471"]
[WhiteFideId "7101554"]
[BlackFideId "25059530"]
[EventDate "2017.05.18"]

1. e4 e5 2. Nf3 Nc6 3. Bc4 Nf6 4. d3 Bc5 5. O-O d6 6. c3 a6 7. h3 Ba7 8. Bb3 h6
9. Be3 g5 10. Bxa7 Rxa7 11. Nbd2 g4 12. hxg4 Bxg4 13. Qe1 Rg8 14. Qe3 Qd7 15.
Qxh6 Bxf3 16. Nxf3 Qg4 17. Nh4 Nh5 18. Bd1 Qxh4 19. Qxh5 Qf6 20. Qf5 Qh4 21.
Qc8+ Nd8 22. g3 Ra8 23. Qf5 Qh6 24. Bb3 Rg5 25. Qf3 Rh5 26. Qg2 Ne6 27. f4 Ke7
28. Bd1 exf4 29. Bxh5 Qxh5 30. gxf4 Qh4 31. Rf3 Rh8 32. Raf1 Kf8 33. f5 Nd4 34.
Rf4 Ne2+ 35. Qxe2 Rg8+ 36. Qg2 Rxg2+ 37. Kxg2 Qg5+ 38. Kf3 Qh5+ 39. Ke3 Qh2 40.
R4f2 Qh6+ 41. Ke2 Ke7 42. d4 Kf6 43. Kd3 Qh3+ 44. Kd2 Qh6+ 45. Kd3 Qh3+ 46. Rf3
Qg2 47. R1f2 Qg1 48. Re2 Qd1+ 49. Ke3 c5 50. Rff2 Qc1+ 51. Kf3 cxd4 52. cxd4 Qc4
53. Ke3 1/2-1/2

[Event "36th Zalakaros Open 2017"]
[Site "Zalakaros HUN"]
[Date "2017.05.26"]
[Round "9.27"]
[White "Nagy, Gabor1"]
[Black "Ivic, Velimir"]
[Result "1/2-1/2"]
[WhiteTitle "IM"]
[BlackTitle "FM"]
[WhiteElo "2446"]
[BlackElo "2345"]
[WhiteFideId "737119"]
[BlackFideId "950122"]
[EventDate "2017.05.18"]

1. d4 Nf6 2. Nf3 g6 3. g3 Bg7 4. Bg2 O-O 5. c4 d6 6. O-O Nc6 7. Nc3 e5 8. d5 Nb8
9. e4 a5 10. Ne1 Na6 11. Nd3 1/2-1/2

[Event "36th Zalakaros Open 2017"]
[Site "Zalakaros HUN"]
[Date "2017.05.26"]
[Round "9.28"]
[White "Raja, Harshit"]
[Black "Plenca, Jadranko"]
[Result "1/2-1/2"]
[BlackTitle "IM"]
[WhiteElo "2334"]
[BlackElo "2446"]
[WhiteFideId "5089000"]
[BlackFideId "14527146"]
[EventDate "2017.05.18"]

1. e4 e5 2. Nf3 Nc6 3. Bb5 a6 4. Ba4 Nf6 5. O-O Be7 6. d3 b5 7. Bb3 d6 8. a3 O-O
9. Nc3 Na5 10. Ba2 c5 11. b4 Nc6 12. Nd5 cxb4 13. axb4 Nxd5 14. Bxd5 Qc7 15. c3
Bb7 16. Qb3 Bf6 1/2-1/2

[Event "36th Zalakaros Open 2017"]
[Site "Zalakaros HUN"]
[Date "2017.05.26"]
[Round "9.31"]
[White "Ikeda, Junta"]
[Black "Havanecz, Bianka"]
[Result "1/2-1/2"]
[WhiteTitle "IM"]
[BlackTitle "WIM"]
[WhiteElo "2412"]
[BlackElo "2210"]
[WhiteFideId "3204731"]
[BlackFideId "704814"]
[EventDate "2017.05.18"]

1. Nf3 d5 2. g3 g6 3. c4 c6 4. Bg2 Bg7 5. O-O Nf6 6. Qc2 O-O 7. b3 d4 8. d3 Nfd7
9. Bb2 e5 10. e3 Nc5 11. exd4 exd4 12. Ba3 Nba6 13. b4 Ne6 14. b5 Nac5 15. bxc6
bxc6 16. Nfd2 Qb6 17. Nb3 Rd8 18. N1d2 Bf8 19. Rab1 Qa6 20. Bxc5 Bxc5 21. Nf3
Bf8 22. Ne5 Bd7 23. Rfe1 Be8 24. f4 Rab8 25. Qf2 Ng7 26. Ng4 Nf5 27. Nf6+ Kh8
28. g4 Ne3 29. g5 h5 30. Be4 Bg7 31. f5 Qc8 32. Kh1 c5 33. fxg6 fxg6 34. Rxe3
dxe3 35. Qxe3 Bc6 36. Rf1 Qc7 37. Kg1 Rxb3 38. axb3 Qe5 39. Qf4 Qd4+ 40. Rf2
Bxe4 41. dxe4 Qd1+ 42. Kg2 Qxb3 43. Qc7 Rf8 44. Qxc5 a5 45. e5 Qd1 46. Qd5 Qe1
47. e6 a4 48. c5 a3 49. c6 h4 50. Qd4 h3+ 51. Kxh3 Qxe6+ 52. Qg4 Qxg4+ 53. Kxg4
Rc8 54. Rf3 Bxf6 55. gxf6 Kg8 56. Rxa3 Rxc6 57. Kg5 Rc2 58. Ra8+ Kf7 59. Ra7+
Kf8 60. h4 Rg2+ 61. Kf4 Rg1 62. Rg7 Rf1+ 63. Kg5 Rg1+ 64. Kh6 Rg4 65. Rxg6 Rxh4+
66. Kg5 Rh1 67. Kf5 Rf1+ 68. Kg5 1/2-1/2

[Event "36th Zalakaros Open 2017"]
[Site "Zalakaros HUN"]
[Date "2017.05.26"]
[Round "9.38"]
[White "Kosakowski, Jakub"]
[Black "Sadhwani, Raunak"]
[Result "1/2-1/2"]
[WhiteTitle "FM"]
[BlackTitle "FM"]
[WhiteElo "2369"]
[BlackElo "2298"]
[WhiteFideId "1185080"]
[BlackFideId "35093487"]
[EventDate "2017.05.18"]

1. e4 c6 2. d4 d5 3. Nc3 dxe4 4. Nxe4 Bf5 5. Ng3 Bg6 6. h4 h6 7. Nf3 Nd7 8. h5
Bh7 9. Bd3 Bxd3 10. Qxd3 e6 11. Bd2 Ngf6 12. O-O-O Be7 13. Kb1 O-O 14. Ne4 Nxe4
15. Qxe4 Nf6 16. Qe2 Qd5 17. Be3 Qb5 18. c4 Qf5+ 19. Ka1 c5 20. Nh4 Qh7 21. g4
cxd4 22. Bxd4 Qe4 23. Qxe4 Nxe4 24. Ng2 Rac8 25. b3 Rfd8 26. Rhe1 Nf6 27. Ne3 a6
28. Kb2 b5 29. f3 Nd7 30. cxb5 axb5 31. Nd5 Bf8 32. Nc3 b4 33. Ne4 Nb8 34. f4
Nc6 35. Bc5 Bxc5 36. Nxc5 Ne7 37. Nd3 Nd5 38. Rc1 Ra8 39. g5 Nc3 40. Nxb4 Nxa2
41. Nxa2 Rd2+ 42. Rc2 Rxa2+ 43. Kxa2 Rxc2+ 44. Ka3 hxg5 45. fxg5 Rh2 1/2-1/2

[Event "36th Zalakaros Open 2017"]
[Site "Zalakaros HUN"]
[Date "2017.05.26"]
[Round "9.43"]
[White "Szukics, Adam"]
[Black "Pultorak, Jan"]
[Result "1/2-1/2"]
[BlackTitle "FM"]
[WhiteElo "2229"]
[BlackElo "2303"]
[WhiteFideId "751871"]
[BlackFideId "1176021"]
[EventDate "2017.05.18"]

1. e4 c5 2. Nf3 d6 3. Bb5+ Bd7 4. Bxd7+ Qxd7 5. c4 Nf6 6. Nc3 g6 7. d4 cxd4 8.
Nxd4 Bg7 9. f3 O-O 10. O-O Rc8 11. b3 d5 12. exd5 Nxd5 13. Nxd5 e6 14. Bh6 exd5
15. Bxg7 Kxg7 16. Nb5 dxc4 17. Nd6 Rd8 18. Nxb7 Qxd1 19. Rfxd1 Rxd1+ 20. Rxd1
cxb3 21. axb3 Nc6 22. Rd7 a5 23. Nc5 Rc8 24. Ne4 Rb8 25. Rd6 1/2-1/2

[Event "36th Zalakaros Open 2017"]
[Site "Zalakaros HUN"]
[Date "2017.05.26"]
[Round "9.44"]
[White "Arman, Deniz"]
[Black "Risting, Eivind Olav"]
[Result "1/2-1/2"]
[WhiteTitle "FM"]
[BlackTitle "FM"]
[WhiteElo "2377"]
[BlackElo "2297"]
[WhiteFideId "6302106"]
[BlackFideId "1517333"]
[EventDate "2017.05.18"]

1. e4 e6 2. d4 d5 3. Nc3 Nf6 4. Bg5 Bb4 5. e5 h6 6. Bc1 Ne4 7. Qg4 Kf8 8. a3
Bxc3+ 9. bxc3 c5 10. Bd3 Qa5 11. Ne2 cxd4 12. O-O dxc3 1/2-1/2

[Event "36th Zalakaros Open 2017"]
[Site "Zalakaros HUN"]
[Date "2017.05.26"]
[Round "9.45"]
[White "Papp, Petra"]
[Black "Injac, Teodora"]
[Result "1/2-1/2"]
[WhiteTitle "WGM"]
[BlackTitle "WFM"]
[WhiteElo "2371"]
[BlackElo "2296"]
[WhiteFideId "739049"]
[BlackFideId "932400"]
[EventDate "2017.05.18"]

1. e4 e6 2. d4 d5 3. Nc3 Nf6 4. e5 Nfd7 5. f4 c5 6. Nf3 Nc6 7. Be3 Be7 8. dxc5
O-O 9. Qd2 Qa5 10. O-O-O b6 11. Bb5 Bb7 12. Kb1 Kh8 13. Bxc6 Bxc6 14. Nd4 Rfc8
15. Nb3 Qa6 16. Qd3 Qxd3 17. cxd3 bxc5 18. d4 c4 19. Nc1 Rab8 20. Kc2 Nb6 21.
N1e2 Rb7 22. Rb1 Rcb8 23. Bd2 f6 24. exf6 gxf6 25. g4 Na4 1/2-1/2

[Event "36th Zalakaros Open 2017"]
[Site "Zalakaros HUN"]
[Date "2017.05.26"]
[Round "9.46"]
[White "Jakab, Bela"]
[Black "Rapport, Jovana"]
[Result "1/2-1/2"]
[BlackTitle "WGM"]
[WhiteElo "2216"]
[BlackElo "2334"]
[WhiteFideId "14933128"]
[BlackFideId "937266"]
[EventDate "2017.05.18"]

1. e4 d5 2. exd5 Qxd5 3. d4 Nc6 4. Nf3 Bg4 5. Be2 O-O-O 6. c3 e5 7. c4 Qa5+ 8.
Bd2 Qa6 9. d5 Bxf3 10. gxf3 Nd4 11. Be3 c5 12. Nd2 Qg6 13. Kf1 f5 14. f4 e4 15.
Nb3 Nxe2 16. Qxe2 b6 17. a3 Qh6 18. Nd2 Nf6 19. b4 Nh5 20. bxc5 bxc5 21. Nb3
Nxf4 22. Bxf4 Qxf4 23. Na5 Rd7 24. Rb1 Bd6 25. h4 Re8 26. Rh3 e3 27. Rxe3 Rxe3
28. Qxe3 Qxh4 29. Rb5 Qh1+ 30. Ke2 Re7 31. Rb8+ Kxb8 32. Nc6+ Kc7 33. Nxe7 Qh5+
34. f3 f4 35. Qe4 g5 36. Nf5 Qf7 37. Qb1 Qe8+ 38. Kf2 Qd7 39. Nxd6 Kxd6 40. Qb8+
Qc7 41. Qg8 Qe7 42. Qb8+ 1/2-1/2

[Event "36th Zalakaros Open 2017"]
[Site "Zalakaros HUN"]
[Date "2017.05.26"]
[Round "9.49"]
[White "Ugroczky, Peter"]
[Black "Sankalp, Gupta"]
[Result "1/2-1/2"]
[WhiteTitle "FM"]
[WhiteElo "2185"]
[BlackElo "2269"]
[WhiteFideId "758663"]
[BlackFideId "5097010"]
[EventDate "2017.05.18"]

1. e4 e6 2. d4 d5 3. Nd2 Be7 4. e5 c5 5. c3 Nc6 6. Ndf3 Bd7 7. Bd3 cxd4 8. cxd4
Qb6 9. Ne2 Nb4 10. O-O Nxd3 11. Qxd3 Bb5 12. Qd1 Rc8 13. Re1 Bb4 14. Bd2 Bxd2
15. Qxd2 Bxe2 16. Rxe2 Ne7 17. Re3 O-O 18. Rb3 Qc7 19. Rc3 Qd7 20. Rac1 Rxc3 21.
Rxc3 Rc8 22. g3 h6 23. Qc2 Rxc3 24. Qxc3 Qc6 25. Qa5 Qc1+ 26. Kg2 Nc6 27. Qb5
Qc4 28. Qxc4 dxc4 29. Kf1 Nb4 30. Nd2 b5 31. a4 a6 32. axb5 axb5 33. Ne4 Nc6 34.
Ke2 Nxd4+ 35. Ke3 Nc2+ 36. Kd2 Nd4 37. Ke3 Nc2+ 38. Kd2 Nb4 39. f4 Nd3 40. Kc3
g5 41. fxg5 hxg5 42. Nxg5 Nxe5 43. Ne4 Nf3 44. Kb4 f5 45. Nc5 Nd4 46. Nd7 Kf7
47. Kc5 Nf3 48. Kxb5 Ke7 49. Nc5 Nxh2 50. Kxc4 Nf1 51. b4 Kd6 52. Nb7+ Kc6 53.
Nc5 e5 54. b5+ Kd6 55. b6 Nd2+ 56. Kb5 Nf3 57. b7 Nd4+ 58. Kb6 Nc6 59. Nd3 e4
60. Ne5 Nb8 61. Ka7 Kc7 62. Nc4 Nc6+ 63. Ka8 Nb8 64. Ne3 Nd7 65. Nxf5 Kd8 66.
Ka7 Kc7 67. Ne3 Kd6 68. g4 Ke6 69. Ka6 Nc5+ 70. Kb6 Nxb7 71. Kxb7 Ke5 72. Ng2
Kf6 73. Kc6 Kg5 74. Kd5 Kxg4 1/2-1/2

[Event "36th Zalakaros Open 2017"]
[Site "Zalakaros HUN"]
[Date "2017.05.26"]
[Round "9.53"]
[White "Krstulovic, Alex"]
[Black "Czupor, Attila"]
[Result "1/2-1/2"]
[WhiteTitle "FM"]
[WhiteElo "2280"]
[BlackElo "2230"]
[WhiteFideId "760056"]
[BlackFideId "752495"]
[EventDate "2017.05.18"]

1. d4 d5 2. c4 c6 3. cxd5 cxd5 4. Bf4 Nc6 5. e3 Nf6 6. Nc3 a6 7. Bd3 Bg4 8. Nge2
e6 9. h3 Bh5 10. O-O Be7 11. Rc1 O-O 12. a3 Rc8 13. Na4 Nd7 14. b4 b5 15. Nc5 e5
16. Nxd7 Qxd7 17. dxe5 f6 18. exf6 Bxf6 19. Qb3 Ne5 20. Bxe5 Bxe5 21. Qb1 h6 22.
f4 Qa7 23. Rxc8 Qxe3+ 24. Kh1 Rxc8 25. fxe5 Bxe2 26. Bxe2 Qxe2 27. Re1 Qf2 28.
Rf1 Qe2 29. Re1 Qf2 30. Qd1 d4 31. Rf1 Qe3 32. Re1 Qf2 33. Rf1 Qe3 34. Re1 Qf2
35. Rf1 1/2-1/2